000 00390nam a2200157Ia 4500
008 230524s9999 xx 000 0 und d
082 _a658.43
_bKUM
100 _aA.Kumar
_931119
245 2 _aA Text Book of Material Science
250 _aIST
260 _aNEW DELHI
_bAsian Publishers
_c2009
300 _aXII;364
500 _aQuantity Number: 1
650 _aChemistry
942 _cBK
999 _c44273
_d44273